[Event "2015 US Junior Closed Championship"]
[Site "Chess Club and Scholastic Center of Saint Louis"]
[Date "2015.07.10"]
[Round "4.1"]
[White "Chandra, Akshat"]
[Black "Brattain, Mika"]
[Result "1-0"]
[LiveChessVersion "1.4.6"]
[BlackElo "2457"]
[WhiteElo "2589"]

1. d4 {[%clk 1:30:56]} d5 {[%clk 1:30:55]} 2. c4 {[%clk 1:31:21]} c6
{[%clk 1:31:22]} 3. Nf3 {[%clk 1:31:40]} Nf6 {[%clk 1:31:47]} 4. Nc3
{[%clk 1:32:05]} a6 {[%clk 1:32:09]} 5. e3 {[%clk 1:12:20]} Bf5 {[%clk 1:32:14]}
6. Bd3 {[%clk 1:04:09]} Bg6 {[%clk 1:32:25]} 7. Bxg6 {[%clk 0:54:28]} hxg6
{[%clk 1:32:41]} 8. Qb3 {[%clk 0:52:20]} Ra7 {[%clk 1:28:12]} 9. O-O
{[%clk 0:49:31]} e6 {[%clk 1:27:37]} 10. Re1 {[%clk 0:48:27]} b5 {[%clk 1:15:50]}
11. cxd5 {[%clk 0:45:33]} cxd5 {[%clk 1:15:20]} 12. a4 {[%clk 0:43:29]} b4
{[%clk 1:15:01]} 13. Na2 {[%clk 0:42:24]} a5 {[%clk 1:09:29]} 14. Qd3
{[%clk 0:40:34]} Bd6 {[%clk 1:06:31]} 15. h3 {[%clk 0:35:48]} O-O
{[%clk 0:57:39]} 16. Bd2 {[%clk 0:35:36]} Nbd7 {[%clk 0:50:25]} 17. Rec1
{[%clk 0:31:05]} Qb6 {[%clk 0:41:47]} 18. b3 {[%clk 0:30:53]} Qa6
{[%clk 0:38:49]} 19. Qxa6 {[%clk 0:30:01]} Rxa6 {[%clk 0:39:18]} 20. Rc2
{[%clk 0:29:08]} Rfa8 {[%clk 0:37:22]} 21. Nc1 {[%clk 0:24:47]} Kf8
{[%clk 0:36:29]} 22. Nd3 {[%clk 0:24:52]} Ke8 {[%clk 0:29:36]} 23. Rac1
{[%clk 0:22:23]} Kd8 {[%clk 0:24:26]} 24. Nfe5 {[%clk 0:16:11]} Bxe5
{[%clk 0:23:32]} 25. dxe5 {[%clk 0:16:30]} Ng8 {[%clk 0:22:55]} 26. f3
{[%clk 0:14:16]} Ne7 {[%clk 0:19:46]} 27. e4 {[%clk 0:08:56]} dxe4
{[%clk 0:17:02]} 28. fxe4 {[%clk 0:08:55]} Rc8 {[%clk 0:16:54]} 29. Rxc8+
{[%clk 0:08:07]} Nxc8 {[%clk 0:17:22]} 30. Bg5+ {[%clk 0:07:52]} f6
{[%clk 0:16:52]} 31. exf6 {[%clk 0:07:39]} gxf6 {[%clk 0:16:57]} 32. Nc5
{[%clk 0:06:57]} Nxc5 {[%clk 0:14:46]} 33. Bxf6+ {[%clk 0:07:22]} Ke8
{[%clk 0:12:06]} 34. Rxc5 {[%clk 0:07:47]} Nd6 {[%clk 0:12:33]} 35. e5
{[%clk 0:06:50]} Ne4 {[%clk 0:12:26]} 36. Rc8+ {[%clk 0:06:46]} Kf7
{[%clk 0:12:50]} 37. Rc7+ {[%clk 0:06:49]} Ke8 {[%clk 0:11:31]} 38. g4
{[%clk 0:04:33]} Nxf6 {[%clk 0:08:01]} 39. exf6 {[%clk 0:04:58]} Rd6
{[%clk 0:08:24]} 40. Rg7 {[%clk 0:33:45]} Rd3 {[%clk 0:38:42]} 41. Kg2
{[%clk 0:34:12]} g5 {[%clk 0:34:43]} 42. Rxg5 {[%clk 0:31:10]} Kf7
{[%clk 0:35:04]} 43. Rxa5 {[%clk 0:30:34]} Kxf6 {[%clk 0:35:26]} 44. Ra8
{[%clk 0:28:08]} Rxb3 {[%clk 0:35:28]} 45. a5 {[%clk 0:28:36]} Ra3
{[%clk 0:25:22]} 46. a6 {[%clk 0:25:19]} b3 {[%clk 0:16:59]} 47. a7
{[%clk 0:21:18]} b2 {[%clk 0:16:07]} 48. Rb8 {[%clk 0:20:56]} Rxa7
{[%clk 0:16:12]} 49. Rxb2 {[%clk 0:21:24]} Kg5 {[%clk 0:16:08]} 50. Re2
{[%clk 0:19:01]} Ra6 {[%clk 0:08:05]} 51. Kf3 {[%clk 0:10:13]} Kh4
{[%clk 0:06:54]} 52. Re5 {[%clk 0:09:34]} Ra3+ {[%clk 0:07:16]} 53. Re3
{[%clk 0:10:00]} Ra6 {[%clk 0:06:25]} 54. Kf4 {[%clk 0:09:37]} Ra4+
{[%clk 0:06:36]} 55. Ke5 {[%clk 0:09:03]} Kg5 {[%clk 0:07:05]} 56. Kxe6
{[%clk 0:08:46]} Kf4 {[%clk 0:07:26]} 57. Rb3 {[%clk 0:09:05]} Ra6+
{[%clk 0:07:37]} 58. Kf7 {[%clk 0:08:35]} Ra5 {[%clk 0:04:51]} 59. Kg6
{[%clk 0:08:33]} Ra6+ {[%clk 0:03:46]} 60. Kh5 {[%clk 0:07:37]} Ra5+
{[%clk 0:03:36]} 61. Kh4 {[%clk 0:07:41]} Ra8 {[%clk 0:03:27]} 62. Rb4+
{[%clk 0:07:25]} Kf3 {[%clk 0:03:23]} 63. Rb5 {[%clk 0:06:01]} Rg8
{[%clk 0:02:53]} 64. Rf5+ {[%clk 0:04:54]} Ke4 {[%clk 0:03:18]} 65. Rf1
{[%clk 0:05:09]} 1-0

[Event "2015 US Junior Closed Championship"]
[Site "Chess Club and Scholastic Center of Saint Louis"]
[Date "2015.07.10"]
[Round "4.2"]
[White "Shen, Arthur"]
[Black "Liang, Awonder"]
[Result "1-0"]
[LiveChessVersion "1.4.6"]
[BlackElo "2428"]
[WhiteElo "2477"]

1. e4 {[%clk 1:30:57]} e5 {[%clk 1:30:55]} 2. Nf3 {[%clk 1:30:51]} Nc6
{[%clk 1:31:18]} 3. Bc4 {[%clk 1:31:10]} Bc5 {[%clk 1:31:42]} 4. d3
{[%clk 1:31:32]} Nf6 {[%clk 1:31:36]} 5. O-O {[%clk 1:31:52]} d6 {[%clk 1:31:33]}
6. c3 {[%clk 1:32:04]} a6 {[%clk 1:31:21]} 7. Bb3 {[%clk 1:32:25]} Ba7
{[%clk 1:31:28]} 8. Re1 {[%clk 1:32:34]} O-O {[%clk 1:30:01]} 9. h3
{[%clk 1:31:30]} h6 {[%clk 1:23:25]} 10. Nbd2 {[%clk 1:31:40]} Be6
{[%clk 1:22:44]} 11. Bc2 {[%clk 1:31:49]} Ne7 {[%clk 1:16:12]} 12. Nf1
{[%clk 1:28:20]} Ng6 {[%clk 1:14:38]} 13. d4 {[%clk 1:27:52]} c6 {[%clk 1:12:41]}
14. Be3 {[%clk 1:19:43]} Qc7 {[%clk 1:08:36]} 15. Ng3 {[%clk 1:16:46]} c5
{[%clk 1:00:52]} 16. Qd2 {[%clk 1:06:58]} Rfd8 {[%clk 0:50:00]} 17. Nf5
{[%clk 0:58:02]} d5 {[%clk 0:27:58]} 18. Bxh6 {[%clk 0:38:11]} Nxe4
{[%clk 0:22:40]} 19. Bxe4 {[%clk 0:37:04]} dxe4 {[%clk 0:22:36]} 20. Nxg7
{[%clk 0:37:07]} exf3 {[%clk 0:20:22]} 21. Qg5 {[%clk 0:25:27]} Qe7
{[%clk 0:14:12]} 22. Nxe6 {[%clk 0:25:47]} Qxg5 {[%clk 0:12:10]} 23. Nxg5
{[%clk 0:26:11]} fxg2 {[%clk 0:05:27]} 24. dxe5 {[%clk 0:20:40]} Re8
{[%clk 0:03:22]} 25. e6 {[%clk 0:15:09]} fxe6 {[%clk 0:03:48]} 26. Nxe6
{[%clk 0:15:19]} c4 {[%clk 0:03:24]} 27. Re4 {[%clk 0:13:40]} Re7
{[%clk 0:02:13]} 28. Kxg2 {[%clk 0:13:16]} Rae8 {[%clk 0:02:12]} 29. Rae1
{[%clk 0:13:35]} b5 {[%clk 0:02:25]} 30. Bg5 {[%clk 0:13:32]} Rf7
{[%clk 0:02:51]} 31. f3 {[%clk 0:13:07]} Rf5 {[%clk 0:02:49]} 32. h4
{[%clk 0:12:57]} Bb8 {[%clk 0:03:02]} 33. f4 {[%clk 0:08:20]} Rd5
{[%clk 0:01:52]} 34. Nd4 {[%clk 0:06:59]} Rf8 {[%clk 0:02:21]} 35. Re8
{[%clk 0:07:04]} Ba7 {[%clk 0:02:11]} 36. h5 {[%clk 0:05:40]} Nxf4+
{[%clk 0:01:39]} 37. Bxf4 {[%clk 0:05:58]} Bxd4 {[%clk 0:01:47]} 38. Rxf8+
{[%clk 0:05:50]} Kxf8 {[%clk 0:02:15]} 39. cxd4 {[%clk 0:05:22]} Rxh5
{[%clk 0:02:42]} 40. Re6 {[%clk 0:35:23]} Rh4 {[%clk 0:31:59]} 41. Be5
{[%clk 0:34:25]} 1-0

[Event "2015 US Junior Closed Championship"]
[Site "Chess Club and Scholastic Center of Saint Louis"]
[Date "2015.07.10"]
[Round "4.3"]
[White "Bodek, Michael"]
[Black "Han, Curran"]
[Result "1-0"]
[LiveChessVersion "1.4.6"]
[BlackElo "2211"]
[WhiteElo "2527"]

1. e4 {[%clk 1:30:55]} c5 {[%clk 1:30:56]} 2. Nf3 {[%clk 1:31:18]} d6
{[%clk 1:31:20]} 3. d4 {[%clk 1:31:42]} cxd4 {[%clk 1:31:47]} 4. Nxd4
{[%clk 1:31:33]} Nf6 {[%clk 1:32:09]} 5. Nc3 {[%clk 1:31:58]} a6 {[%clk 1:32:29]}
6. h3 {[%clk 1:31:50]} e5 {[%clk 1:32:37]} 7. Nde2 {[%clk 1:32:11]} h5
{[%clk 1:32:59]} 8. Bg5 {[%clk 1:32:34]} Be6 {[%clk 1:33:16]} 9. Ng3
{[%clk 1:32:47]} Nbd7 {[%clk 1:27:20]} 10. Be2 {[%clk 1:32:43]} g6
{[%clk 1:23:19]} 11. Nf1 {[%clk 1:31:47]} Qa5 {[%clk 1:22:33]} 12. Nd2
{[%clk 1:27:40]} Rc8 {[%clk 1:19:40]} 13. O-O {[%clk 1:25:14]} Be7
{[%clk 1:17:54]} 14. Re1 {[%clk 1:13:57]} Qb6 {[%clk 1:10:02]} 15. Na4
{[%clk 1:08:28]} Qc6 {[%clk 1:02:28]} 16. c4 {[%clk 1:03:38]} Nxe4
{[%clk 0:48:03]} 17. Bf3 {[%clk 1:01:04]} Nxg5 {[%clk 0:30:25]} 18. Bxc6
{[%clk 1:01:20]} bxc6 {[%clk 0:30:44]} 19. Rc1 {[%clk 0:52:54]} Rb8
{[%clk 0:30:01]} 20. Re3 {[%clk 0:47:02]} Kd8 {[%clk 0:24:44]} 21. Rb3
{[%clk 0:45:55]} Kc7 {[%clk 0:25:03]} 22. Qe1 {[%clk 0:44:58]} Bf5
{[%clk 0:22:24]} 23. Nf1 {[%clk 0:40:36]} Rxb3 {[%clk 0:22:03]} 24. axb3
{[%clk 0:40:51]} Ne6 {[%clk 0:22:26]} 25. Ne3 {[%clk 0:37:24]} Nd4
{[%clk 0:21:23]} 26. Nxf5 {[%clk 0:37:09]} gxf5 {[%clk 0:20:58]} 27. b4
{[%clk 0:35:41]} Kb7 {[%clk 0:19:59]} 28. Rd1 {[%clk 0:33:59]} Bd8
{[%clk 0:15:39]} 29. Kf1 {[%clk 0:32:54]} Bc7 {[%clk 0:15:31]} 30. Qc3
{[%clk 0:30:49]} Ne6 {[%clk 0:15:53]} 31. b5 {[%clk 0:28:23]} axb5
{[%clk 0:15:29]} 32. cxb5 {[%clk 0:28:47]} cxb5 {[%clk 0:15:09]} 33. Qb3
{[%clk 0:27:49]} Rb8 {[%clk 0:09:03]} 34. Qxb5+ {[%clk 0:28:01]} Kc8
{[%clk 0:09:24]} 35. Qc4 {[%clk 0:26:33]} f4 {[%clk 0:08:48]} 36. b4
{[%clk 0:26:17]} Nb6 {[%clk 0:08:11]} 37. Qa6+ {[%clk 0:25:06]} Kd7
{[%clk 0:07:54]} 38. Nc5+ {[%clk 0:25:11]} Ke7 {[%clk 0:07:38]} 39. Nxe6
{[%clk 0:25:09]} fxe6 {[%clk 0:07:54]} 40. Qa7 {[%clk 0:55:13]} Kd7
{[%clk 0:38:02]} 41. Rc1 {[%clk 0:55:24]} 1-0

[Event "2015 US Junior Closed Championship"]
[Site "Chess Club and Scholastic Center of Saint Louis"]
[Date "2015.07.10"]
[Round "4.4"]
[White "Harmon-Vellotti, Luke"]
[Black "Xiong, Jeffery"]
[Result "1/2-1/2"]
[LiveChessVersion "1.4.6"]
[BlackElo "2606"]
[WhiteElo "2526"]

1. d4 {[%clk 1:30:57]} Nf6 {[%clk 1:30:55]} 2. c4 {[%clk 1:31:18]} e6
{[%clk 1:31:20]} 3. Nc3 {[%clk 1:31:35]} Bb4 {[%clk 1:31:45]} 4. Qc2
{[%clk 1:31:42]} c5 {[%clk 1:32:08]} 5. dxc5 {[%clk 1:31:49]} Bxc5
{[%clk 1:32:31]} 6. Nf3 {[%clk 1:31:00]} Qb6 {[%clk 1:32:53]} 7. e3
{[%clk 1:29:32]} Qc7 {[%clk 1:33:16]} 8. Be2 {[%clk 1:28:03]} b6 {[%clk 1:32:51]}
9. b3 {[%clk 1:15:50]} Bb7 {[%clk 1:32:07]} 10. Bb2 {[%clk 1:16:02]} a6
{[%clk 1:32:15]} 11. a3 {[%clk 1:06:51]} Be7 {[%clk 1:29:06]} 12. O-O
{[%clk 1:01:29]} O-O {[%clk 1:28:55]} 13. Rac1 {[%clk 0:56:40]} d6
{[%clk 1:28:53]} 14. Rfd1 {[%clk 0:56:52]} Nbd7 {[%clk 1:29:09]} 15. Nd4
{[%clk 0:54:51]} Rac8 {[%clk 1:27:53]} 16. Bf3 {[%clk 0:51:58]} Nc5
{[%clk 1:24:03]} 17. Bxb7 {[%clk 0:43:48]} Qxb7 {[%clk 1:24:22]} 18. Ba1
{[%clk 0:40:49]} Rc7 {[%clk 1:20:44]} 19. Qb1 {[%clk 0:37:21]} Rfc8
{[%clk 1:17:31]} 20. h3 {[%clk 0:35:58]} h6 {[%clk 1:16:01]} 21. a4
{[%clk 0:33:01]} Qa8 {[%clk 1:10:08]} 22. Nde2 {[%clk 0:31:01]} Qb7
{[%clk 1:02:03]} 23. Rd4 {[%clk 0:28:08]} Ncd7 {[%clk 0:58:03]} 24. Rcd1
{[%clk 0:26:04]} Nc5 {[%clk 0:56:49]} 25. Rc1 {[%clk 0:22:44]} Qa8
{[%clk 0:53:49]} 26. Rcd1 {[%clk 0:18:57]} Qb7 {[%clk 0:53:32]} 27. Kf1
{[%clk 0:11:52]} Qa8 {[%clk 0:49:50]} 28. Kg1 {[%clk 0:08:46]} Qb7
{[%clk 0:50:02]} 1/2-1/2

[Event "2015 US Junior Closed Championship"]
[Site "Chess Club and Scholastic Center of Saint Louis"]
[Date "2015.07.10"]
[Round "4.5"]
[White "Liou, Yian"]
[Black "Li, Ruifeng"]
[Result "0-1"]
[LiveChessVersion "1.4.6"]
[BlackElo "2502"]
[WhiteElo "2501"]

1. e4 {[%clk 1:30:58]} c5 {[%clk 1:30:50]} 2. Nf3 {[%clk 1:31:24]} d6
{[%clk 1:31:17]} 3. d4 {[%clk 1:31:49]} cxd4 {[%clk 1:31:44]} 4. Nxd4
{[%clk 1:32:15]} Nf6 {[%clk 1:32:10]} 5. Nc3 {[%clk 1:32:41]} a6 {[%clk 1:32:38]}
6. Be3 {[%clk 1:33:06]} e5 {[%clk 1:33:04]} 7. Nf3 {[%clk 1:33:33]} Qc7
{[%clk 1:31:51]} 8. a4 {[%clk 1:33:59]} Be7 {[%clk 1:31:14]} 9. Be2
{[%clk 1:32:11]} h6 {[%clk 1:31:08]} 10. a5 {[%clk 1:29:50]} Be6 {[%clk 1:31:04]}
11. Nd5 {[%clk 1:28:40]} Nxd5 {[%clk 1:19:58]} 12. exd5 {[%clk 1:28:50]} Bf5
{[%clk 1:20:09]} 13. c4 {[%clk 1:27:38]} Nd7 {[%clk 1:20:32]} 14. b4
{[%clk 1:23:08]} Bh7 {[%clk 1:16:42]} 15. Nd2 {[%clk 1:20:04]} O-O
{[%clk 1:10:30]} 16. O-O {[%clk 1:15:35]} f5 {[%clk 1:03:37]} 17. f3
{[%clk 1:14:39]} Bg5 {[%clk 1:01:10]} 18. Bf2 {[%clk 1:13:50]} e4
{[%clk 0:48:33]} 19. Bd4 {[%clk 1:07:39]} Rae8 {[%clk 0:40:09]} 20. f4
{[%clk 1:05:39]} Bf6 {[%clk 0:40:20]} 21. Nb3 {[%clk 1:06:05]} Qd8
{[%clk 0:38:03]} 22. Rc1 {[%clk 1:01:58]} g5 {[%clk 0:29:33]} 23. g3
{[%clk 0:47:14]} Re7 {[%clk 0:26:01]} 24. c5 {[%clk 0:46:26]} gxf4
{[%clk 0:24:09]} 25. gxf4 {[%clk 0:45:50]} Ne5 {[%clk 0:18:09]} 26. fxe5
{[%clk 0:43:44]} dxe5 {[%clk 0:18:19]} 27. Bb2 {[%clk 0:44:11]} f4
{[%clk 0:17:39]} 28. d6 {[%clk 0:38:55]} Rg7+ {[%clk 0:18:01]} 29. Kh1
{[%clk 0:39:22]} Kh8 {[%clk 0:15:05]} 30. Bc4 {[%clk 0:34:32]} Qd7
{[%clk 0:13:47]} 31. Bd5 {[%clk 0:31:28]} Qh3 {[%clk 0:09:16]} 32. Rg1
{[%clk 0:26:10]} f3 {[%clk 0:08:38]} 33. Rxg7 {[%clk 0:24:18]} Bxg7
{[%clk 0:09:06]} 34. Qf1 {[%clk 0:24:35]} Qh4 {[%clk 0:08:41]} 35. Re1
{[%clk 0:20:27]} Bf5 {[%clk 0:08:21]} 36. Nd2 {[%clk 0:18:44]} Bh3
{[%clk 0:07:25]} 37. Rxe4 {[%clk 0:18:57]} Bg2+ {[%clk 0:07:37]} 38. Kg1
{[%clk 0:18:53]} Qg5 {[%clk 0:08:04]} 39. h4 {[%clk 0:11:26]} Qg3
{[%clk 0:08:02]} 0-1

[Event "2015 US Junior Closed Championship"]
[Site "Chess Club and Scholastic Center of Saint Louis"]
[Date "2015.07.11"]
[Round "5.1"]
[White "Li, Ruifeng"]
[Black "Chandra, Akshat"]
[Result "1/2-1/2"]
[LiveChessVersion "1.4.6"]
[BlackElo "2589"]
[WhiteElo "2502"]

1. e4 {[%clk 1:30:57]} c5 {[%clk 1:30:51]} 2. Nf3 {[%clk 1:31:21]} e6
{[%clk 1:31:14]} 3. d4 {[%clk 1:31:44]} cxd4 {[%clk 1:31:40]} 4. Nxd4
{[%clk 1:32:11]} Nc6 {[%clk 1:32:02]} 5. Nc3 {[%clk 1:32:34]} Qc7
{[%clk 1:32:27]} 6. Be2 {[%clk 1:32:59]} Nf6 {[%clk 1:32:50]} 7. Be3
{[%clk 1:33:18]} a6 {[%clk 1:05:49]} 8. a3 {[%clk 1:33:43]} Be7 {[%clk 1:02:56]}
9. f4 {[%clk 1:34:08]} d6 {[%clk 1:03:13]} 10. g4 {[%clk 1:34:33]} Nd7
{[%clk 0:58:07]} 11. g5 {[%clk 1:34:58]} b5 {[%clk 0:54:33]} 12. Nxc6
{[%clk 1:35:22]} Qxc6 {[%clk 0:54:58]} 13. Qd4 {[%clk 1:35:48]} O-O
{[%clk 0:50:41]} 14. O-O-O {[%clk 1:36:12]} Rb8 {[%clk 0:42:30]} 15. f5
{[%clk 1:33:52]} Ne5 {[%clk 0:25:45]} 16. f6 {[%clk 1:31:09]} gxf6
{[%clk 0:26:11]} 17. gxf6 {[%clk 1:31:32]} Bxf6 {[%clk 0:26:27]} 18. Bh6
{[%clk 1:28:55]} Bh8 {[%clk 0:19:42]} 19. Bxf8 {[%clk 1:22:33]} Kxf8
{[%clk 0:20:11]} 20. Qd2 {[%clk 1:20:54]} Ke7 {[%clk 0:16:46]} 21. Rhf1
{[%clk 1:20:51]} Kd7 {[%clk 0:15:23]} 22. Qh6 {[%clk 1:16:56]} Kc7
{[%clk 0:13:55]} 23. Qxh7 {[%clk 1:15:38]} Bd7 {[%clk 0:14:24]} 24. Rd2
{[%clk 1:06:25]} Qc5 {[%clk 0:10:09]} 25. Qh3 {[%clk 0:59:31]} b4
{[%clk 0:07:53]} 26. Nb1 {[%clk 0:55:38]} Bg7 {[%clk 0:05:39]} 27. Kd1
{[%clk 0:47:34]} bxa3 {[%clk 0:04:22]} 28. Qxa3 {[%clk 0:47:56]} Bh6
{[%clk 0:00:47]} 29. Qxc5+ dxc5 30. b3 {[%clk 0:45:53]} Bxd2 {[%clk 0:01:21]} 31.
Nxd2 {[%clk 0:46:17]} Rh8 {[%clk 0:01:23]} 32. Nc4 {[%clk 0:45:36]} Nxc4
{[%clk 0:01:31]} 33. Bxc4 {[%clk 0:45:59]} f5 {[%clk 0:01:43]} 34. exf5
{[%clk 0:42:27]} exf5 {[%clk 0:02:12]} 35. Bd3 {[%clk 0:42:45]} Rxh2
{[%clk 0:02:18]} 36. Bxf5 {[%clk 0:43:09]} Bxf5 {[%clk 0:02:05]} 37. Rxf5
{[%clk 0:43:22]} Kb6 {[%clk 0:01:30]} 38. Kc1 {[%clk 0:43:43]} Rg2
{[%clk 0:00:49]} 39. Kb2 {[%clk 0:44:07]} Rh2 {[%clk 0:01:10]} 40. Rf4
{[%clk 1:13:56]} Rg2 {[%clk 0:31:23]} 41. Kc3 {[%clk 1:14:21]} Rh2
{[%clk 0:31:38]} 42. Kd3 {[%clk 1:14:42]} Rg2 {[%clk 0:27:30]} 43. Rf6+
{[%clk 1:14:58]} Kb5 {[%clk 0:26:29]} 44. c4+ {[%clk 1:14:08]} Ka5
{[%clk 0:26:03]} 45. Rc6 {[%clk 1:14:12]} Rg3+ {[%clk 0:25:10]} 46. Kc2
{[%clk 1:14:27]} Rc3+ {[%clk 0:23:41]} 47. Kb2 {[%clk 1:14:51]} Rxb3+
{[%clk 0:24:05]} 48. Kxb3 {[%clk 1:15:18]} 1/2-1/2

[Event "2015 US Junior Closed Championship"]
[Site "Chess Club and Scholastic Center of Saint Louis"]
[Date "2015.07.11"]
[Round "5.2"]
[White "Xiong, Jeffery"]
[Black "Liou, Yian"]
[Result "1-0"]
[LiveChessVersion "1.4.6"]
[BlackElo "2501"]
[WhiteElo "2606"]

1. e4 {[%clk 1:30:56]} e5 {[%clk 1:30:58]} 2. Nf3 {[%clk 1:31:19]} Nc6
{[%clk 1:31:25]} 3. d4 {[%clk 1:31:35]} exd4 {[%clk 1:31:51]} 4. Nxd4
{[%clk 1:31:57]} Bb4+ {[%clk 1:32:18]} 5. c3 {[%clk 1:32:14]} Bc5
{[%clk 1:32:46]} 6. Be3 {[%clk 1:32:13]} Bb6 {[%clk 1:33:15]} 7. Nf5
{[%clk 1:32:06]} g6 {[%clk 1:31:29]} 8. Bxb6 {[%clk 1:32:19]} axb6
{[%clk 1:31:55]} 9. Ne3 {[%clk 1:32:36]} Nf6 {[%clk 1:32:15]} 10. f3
{[%clk 1:32:45]} Qe7 {[%clk 1:31:59]} 11. c4 {[%clk 1:32:48]} Qb4+
{[%clk 1:30:50]} 12. Qd2 {[%clk 1:33:06]} Qxd2+ {[%clk 1:30:23]} 13. Kxd2
{[%clk 1:33:27]} d6 {[%clk 1:28:41]} 14. Nc3 {[%clk 1:33:41]} Kd8
{[%clk 1:24:01]} 15. Bd3 {[%clk 1:33:16]} Ne5 {[%clk 1:15:51]} 16. Be2
{[%clk 1:32:49]} h5 {[%clk 1:13:07]} 17. Ke1 {[%clk 1:28:07]} h4 {[%clk 1:10:15]}
18. Kf2 {[%clk 1:27:07]} g5 {[%clk 1:07:12]} 19. Rad1 {[%clk 1:18:44]} Be6
{[%clk 1:02:09]} 20. Rd2 {[%clk 1:14:23]} Ke7 {[%clk 0:51:58]} 21. b3
{[%clk 1:13:07]} Rac8 {[%clk 0:47:37]} 22. Rhd1 {[%clk 1:07:38]} Ng6
{[%clk 0:41:27]} 23. h3 {[%clk 0:54:31]} Nf4 {[%clk 0:36:58]} 24. Nb5
{[%clk 0:52:19]} Ne8 {[%clk 0:28:33]} 25. Bf1 {[%clk 0:49:25]} Rf8
{[%clk 0:26:39]} 26. Bd3 {[%clk 0:46:38]} Ng7 {[%clk 0:19:22]} 27. Bb1
{[%clk 0:44:55]} f6 {[%clk 0:17:11]} 28. Rc1 {[%clk 0:38:50]} Bd7
{[%clk 0:16:31]} 29. Nd4 {[%clk 0:38:42]} Kf7 {[%clk 0:14:01]} 30. Nd5
{[%clk 0:34:20]} Nge6 {[%clk 0:12:19]} 31. Nf5 {[%clk 0:22:56]} Rcd8
{[%clk 0:09:00]} 32. Nfe3 {[%clk 0:20:33]} Rc8 {[%clk 0:07:22]} 33. Bd3
{[%clk 0:19:04]} Bc6 {[%clk 0:06:48]} 34. Bf1 {[%clk 0:18:58]} Rfd8
{[%clk 0:06:36]} 35. Ng4 {[%clk 0:17:17]} Nh5 {[%clk 0:06:35]} 36. Nh6+
{[%clk 0:17:10]} Kf8 {[%clk 0:06:35]} 37. Nf5 {[%clk 0:17:17]} Rd7
{[%clk 0:06:37]} 38. Rcd1 {[%clk 0:16:12]} Rcd8 {[%clk 0:05:59]} 39. Nde3
{[%clk 0:16:02]} Rh7 {[%clk 0:04:23]} 40. Nd5 {[%clk 0:44:32]} Rhd7
{[%clk 0:33:49]} 41. Nc3 {[%clk 0:44:48]} Rh7 {[%clk 0:28:21]} 42. Bd3
{[%clk 0:44:32]} Rf7 {[%clk 0:23:29]} 43. Bc2 {[%clk 0:44:33]} Neg7
{[%clk 0:21:06]} 44. Nh6 {[%clk 0:43:35]} Re7 {[%clk 0:21:26]} 45. Ng4
{[%clk 0:43:08]} Rc8 {[%clk 0:18:32]} 46. b4 {[%clk 0:40:12]} Kf7
{[%clk 0:18:31]} 47. Rc1 {[%clk 0:38:18]} Bd7 {[%clk 0:18:10]} 48. Nd5
{[%clk 0:37:07]} Ree8 {[%clk 0:18:25]} 49. Nge3 {[%clk 0:29:57]} Be6
{[%clk 0:16:57]} 50. Bb3 {[%clk 0:29:53]} Ng3 {[%clk 0:16:27]} 51. Re1
{[%clk 0:21:40]} f5 {[%clk 0:15:29]} 52. exf5 {[%clk 0:19:47]} N7xf5
{[%clk 0:15:52]} 53. Ba4 {[%clk 0:19:58]} Rf8 {[%clk 0:10:29]} 54. Nxf5
{[%clk 0:19:54]} Nxf5 {[%clk 0:10:48]} 55. Rxe6 {[%clk 0:18:51]} Kxe6
{[%clk 0:11:00]} 56. Re2+ {[%clk 0:19:15]} Kf7 {[%clk 0:11:08]} 57. Bd7
{[%clk 0:19:42]} Kg6 {[%clk 0:10:41]} 58. Bxc8 {[%clk 0:15:14]} Rxc8
{[%clk 0:11:01]} 59. Ke1 {[%clk 0:14:58]} Kf7 {[%clk 0:10:37]} 60. Kd1
{[%clk 0:14:55]} Rd8 {[%clk 0:08:19]} 61. Kd2 {[%clk 0:10:20]} Ra8
{[%clk 0:06:12]} 62. Kc3 {[%clk 0:10:08]} Ra3+ {[%clk 0:04:56]} 63. Kb2
{[%clk 0:10:34]} Rd3 {[%clk 0:05:13]} 64. Nxc7 {[%clk 0:10:57]} Ne3
{[%clk 0:05:04]} 65. Nb5 {[%clk 0:10:20]} Nxc4+ {[%clk 0:05:26]} 66. Kc2
{[%clk 0:10:45]} Rd5 {[%clk 0:05:33]} 67. a4 {[%clk 0:11:03]} Kf6
{[%clk 0:05:08]} 68. Re4 {[%clk 0:11:04]} Rd2+ {[%clk 0:02:28]} 69. Kc3
{[%clk 0:11:00]} Rxg2 {[%clk 0:02:50]} 70. Kxc4 {[%clk 0:10:53]} Rg3
{[%clk 0:03:19]} 71. f4 {[%clk 0:10:32]} g4 {[%clk 0:02:23]} 72. hxg4
{[%clk 0:10:54]} Rxg4 {[%clk 0:02:52]} 73. Nxd6 {[%clk 0:10:36]} h3
{[%clk 0:03:17]} 74. Re1 {[%clk 0:10:56]} Rxf4+ {[%clk 0:03:20]} 75. Kb5
{[%clk 0:11:22]} h2 {[%clk 0:03:40]} 76. Nxb7 {[%clk 0:10:02]} Rh4
{[%clk 0:03:58]} 77. Rh1 {[%clk 0:10:19]} Ke7 {[%clk 0:04:23]} 78. a5
{[%clk 0:07:26]} bxa5 {[%clk 0:04:52]} 79. Nxa5 {[%clk 0:07:05]} Kd6
{[%clk 0:02:26]} 80. Nc4+ {[%clk 0:04:17]} Kc7 {[%clk 0:02:39]} 81. Ne3
{[%clk 0:04:23]} Kb7 {[%clk 0:02:42]} 82. Kc5 {[%clk 0:04:13]} Rh5+
{[%clk 0:02:35]} 83. Nd5 {[%clk 0:03:19]} Rh4 {[%clk 0:02:54]} 84. Nf6
{[%clk 0:02:57]} Rh6 {[%clk 0:02:52]} 85. Nd5 {[%clk 0:02:21]} Rh4
{[%clk 0:03:11]} 86. Nc3 {[%clk 0:01:57]} Rh3 {[%clk 0:03:22]} 87. Kc4
{[%clk 0:02:06]} Rh4+ {[%clk 0:03:40]} 88. Kb5 {[%clk 0:02:27]} Rh5+
{[%clk 0:03:50]} 89. Ka4 {[%clk 0:02:53]} Kb6 {[%clk 0:03:53]} 90. Ne4
{[%clk 0:03:03]} Rh3 {[%clk 0:03:42]} 91. Nf6 {[%clk 0:03:21]} Rh4
{[%clk 0:03:50]} 92. Nd5+ {[%clk 0:03:33]} Kc6 {[%clk 0:03:51]} 93. Ne3
{[%clk 0:03:51]} Kb6 {[%clk 0:03:47]} 94. Nf1 {[%clk 0:03:07]} Rf4
{[%clk 0:03:56]} 95. Ng3 {[%clk 0:03:08]} Rf3 {[%clk 0:03:58]} 96. Ne4
{[%clk 0:02:32]} Rf4 {[%clk 0:03:50]} 97. Nd6 {[%clk 0:02:11]} Rh4
{[%clk 0:04:06]} 98. Nc8+ {[%clk 0:02:34]} Kb7 {[%clk 0:04:20]} 99. Ne7
{[%clk 0:02:58]} Kb6 {[%clk 0:04:40]} 100. Nd5+ {[%clk 0:03:24]} Kc6
{[%clk 0:04:18]} 101. Ne3 {[%clk 0:03:49]} Kb6 {[%clk 0:04:38]} 102. Nc2
{[%clk 0:03:59]} Rh3 {[%clk 0:04:48]} 103. Nd4 {[%clk 0:04:18]} Rh4
{[%clk 0:04:09]} 104. Nf3 {[%clk 0:04:44]} Rh3 {[%clk 0:04:31]} 105. Nd2
{[%clk 0:04:55]} Rh4 {[%clk 0:04:29]} 106. Nb3 {[%clk 0:03:47]} Rh8
{[%clk 0:04:24]} 107. Nc1 {[%clk 0:03:47]} Rh3 {[%clk 0:04:10]} 108. Ne2
{[%clk 0:03:51]} Rh4 {[%clk 0:04:20]} 109. Ng3 {[%clk 0:04:14]} Rh3
{[%clk 0:04:34]} 110. Nf1 {[%clk 0:04:38]} Rf3 {[%clk 0:04:31]} 111. Nd2
{[%clk 0:05:05]} Rh3 {[%clk 0:04:43]} 112. Nc4+ {[%clk 0:05:34]} Kb7
{[%clk 0:04:11]} 113. b5 {[%clk 0:05:41]} Rh8 {[%clk 0:03:46]} 114. Ka5
{[%clk 0:06:02]} Ra8+ {[%clk 0:03:39]} 115. Kb4 {[%clk 0:06:31]} Rh8
{[%clk 0:04:08]} 116. Ne3 {[%clk 0:05:36]} Rh5 {[%clk 0:02:57]} 117. Ka5
{[%clk 0:06:00]} Rh8 {[%clk 0:02:13]} 118. Ng4 {[%clk 0:06:13]} Rh4
{[%clk 0:02:24]} 119. Ne5 {[%clk 0:06:24]} Rh5 {[%clk 0:02:29]} 120. Nf7
{[%clk 0:06:47]} Rh3 {[%clk 0:01:49]} 121. Nd8+ {[%clk 0:06:43]} Kc7
{[%clk 0:01:45]} 122. Ne6+ {[%clk 0:07:11]} Kd6 {[%clk 0:01:02]} 123. Ng5
{[%clk 0:07:21]} Rh5 {[%clk 0:00:51]} 124. Nf3 {[%clk 0:07:44]} 1-0